Technical writing for success

Bibliographic Details
Main Author: Smith-Worthington
Format: Book
Published: Ohio : Thomson South-Western , 2005
Subjects:

MARC

LEADER 00000cam a2200000 7i4500
001 0000015658
005 20050915.0
020 |a 0538438681 
040 |a INS 
090 0 0 |a PE1475   |b T43 2005 
100 1 |a Smith-Worthington 
245 1 0 |a Technical writing for success   |c Smith-Worthington 
260 |a Ohio :   |b Thomson South-Western ,   |c 2005 
300 |a xv :   |b 418p ;   |c 29cm. 
650 0 0 |a English language   |x Rhetoric 
650 0 0 |a Technical writing 
999 |a 0000015718   |b BOOK   |c Open Shelf   |e Default branch